Statistics for Songs From Broadway Musicals #3

Click here to take the quiz!

General Stats

  • This quiz has been taken 168 times
  • The average score is 8 of 20

Answer Stats

HintAnswer% Correct
Moments in The WoodsInto the Woods
86%
What'd I MissHamilton
70%
Take Me or Leave MeRent
69%
Consider YourselfOliver!
61%
Does Your Mother KnowMamma Mia!
53%
Skid RowLittle Shop of Horrors
48%
Corner of the SkyPippin
43%
ElectricityBilly Elliot
39%
BlackoutIn The Heights
39%
It Takes TwoHairspray
33%
Heaven on Their MindsJesus Christ Superstar
32%
Brave Sir RobinMonty Python's Spamalot
32%
PurposeAvenue Q
28%
Those Magic ChangesGrease
28%
Lullaby of Broadway42nd Street
26%
Put on a Happy FaceBye Bye Birdie
23%
I'm Not That Smart25th Annual Putnam County Spelling Bee
16%
Been a Long DayHow to Succeed in Business Without Really Trying
10%
Roll In The HayYoung Frankenstein
10%
We Own The NightFinding Neverland
5%

Score Distribution

Percentile by Number Answered

Percent of People with Each Score

Your Score History

You have not taken this quiz